Langyos napok

Elmentve itt :
Bibliográfiai részletek
Szerző: LÁSZLÓFFY Aladár
Adatforrás:Meister
Forrásdokumentuma:Helikon. -
6 sz., 1995, 1; 5 p.
Nyelv:magyar
Kulcsszavak:filozófia
erkölcsfilozófia
bűn
ember
CSERES Tibor
LORENZ Konrad
KOESTLER Arthur
LEADER 00478nab a2200193 i 4500
001 bibPRO00009566
008 060524s1995 xx hun
040 |a Sz1 
041 |a hun 
100 1 |a LÁSZLÓFFY Aladár 
245 1 0 |a Langyos napok  |c LÁSZLÓFFY Aladár 
695 |a filozófia 
695 |a erkölcsfilozófia 
695 |a bűn 
695 |a ember 
695 |a CSERES Tibor 
695 |a LORENZ Konrad 
695 |a KOESTLER Arthur 
773 0 |t Helikon. -  |g 6 sz., 1995, 1; 5 p.